[Event "Challenge"]
[Site "http://www.queenalice.com/game.php?id=203356"]
[Date "2007.4.27"]
[Round "-"]
[White "queiroga"]
[Black "tijolo_"]
[Result "1-0"]
[WhiteElo "1351"]
[BlackElo "1291"]

1. e4 e6 2. b3 d6 3. Bb2 Bd7 4. Nf3 Be7 5. h4 Nf6 6. e5 dxe5 7. Nxe5 Bc5 8. d4
Bd6 9. d5 exd5 10. c4 dxc4 11. Bxc4 Rf8 12. O-O Ne4 13. Qd3 Nc6 14. Nxf7 Rxf7
15. Bxf7+ Kxf7 16. Qxe4 Qf6 17. Bxf6 Kxf6 18. Qxh7 Bf5 19. Qh5 Be5 20. Nc3 1-0

[Event "Challenge"]
[Site "http://www.queenalice.com/game.php?id=205636"]
[Date "2007.5.3"]
[Round "-"]
[White "queiroga"]
[Black "quarteira"]
[Result "1-0"]
[WhiteElo "1346"]
[BlackElo "1417"]

1. e4 e6 2. b3 Bd6 3. Bb2 Nh6 4. Bxg7 Rg8 5. Bxh6 Qf6 6. d4 Qxh6 7. Be2 Bb4+ 8.
c3 Bd6 9. Bh5 Qf4 10. Qf3 Kf8 11. Na3 f5 12. exf5 Qxf5 13. g4 Qxf3 14. Nxf3 Bxa3
15. O-O c5 16. Ne5 cxd4 17. Bf7 Rg5 18. Rae1 Nc6 19. cxd4 Nxd4 20. Re4 Bc5 21.
Rc1 1-0

[Event "Challenge"]
[Site "http://www.queenalice.com/game.php?id=205637"]
[Date "2007.5.3"]
[Round "-"]
[White "queiroga"]
[Black "fromTheCoast"]
[Result "0-1"]
[WhiteElo "1371"]
[BlackElo "1275"]

1. e4 e5 2. b3 h5 3. g4 hxg4 4. Qxg4 g6 5. Qg3 f5 6. Qxe5+ Qe7 7. Qxh8 Qxe4+ 8.
Ne2 Qxh1 9. Ba3 d6 10. Bb2 Be6 11. Qh7 Nd7 12. Qxg6+ Kd8 13. Qxe6 Qxh2 14. Bf6+
Ngxf6 15. Qxf6+ Nxf6 16. Nbc3 c6 17. O-O-O Qxf2 18. Bh3 Ne4 19. Rf1 Qh2 20. Rxf5
Ke7 21. Rf3 Qh1+ 22. Rf1 Qxh3 23. Rd1 Nxc3 24. Nxc3 Bh6 25. Re1+ Kd7 26. Ne4 Qh4
27. Re2 Qh1+ 28. Kb2 a5 29. Nf6+ Kc7 30. Re7+ Kb6 31. Rh7 Qh4 32. Nd7+ Kb5 33.
a4+ Ka6 34. c3 b5 35. axb5+ cxb5 36. Kc2 Qe4+ 37. d3 Qxh7 38. Nf6 Qf5 39. Ne4
Be3 40. Ng3 Qf2+ 0-1

[Event "Challenge"]
[Site "http://www.queenalice.com/game.php?id=208600"]
[Date "2007.5.9"]
[Round "-"]
[White "queiroga"]
[Black "fromTheCoast"]
[Result "0-1"]
[WhiteElo "1365"]
[BlackElo "1282"]

1. b3 e6 2. Bb2 f6 3. g3 e5 4. e4 Nh6 5. Nf3 Bd6 6. Bc4 Ng4 7. Ng5 fxg5 8. Qxg4
h5 9. Qf5 Qf6 10. O-O h4 11. Na3 hxg3 12. hxg3 c6 13. Rae1 b5 14. Be2 Bc5 15.
Bxe5 Qxf5 16. exf5 O-O 17. Nb1 Rxf5 18. Bc3 d5 19. Bh5 Rf8 20. Re6 Bxe6 21. d4
Be7 22. Re1 Rf6 23. Bd2 g6 24. Bg4 Bxg4 25. Rxe7 a5 26. Bxg5 Re6 27. f3 Rxe7 28.
Bxe7 Bxf3 29. Bd8 Nd7 30. Be7 a4 31. bxa4 Rxa4 0-1

[Event "Challenge"]
[Site "http://www.queenalice.com/game.php?id=212616"]
[Date "2007.5.18"]
[Round "-"]
[White "queiroga"]
[Black "Danado"]
[Result "0-1"]
[WhiteElo "1379"]
[BlackElo "1493"]

1. e4 e5 2. b3 d5 3. Bb2 dxe4 4. g3 Nc6 5. Bg2 Nf6 6. Nc3 Bf5 7. Qe2 Nd4 8. Qc4
Nxc2+ 9. Kd1 Nxa1 10. Bxa1 Be6 11. Qb5+ c6 12. Qxb7 Qc8 13. Qxc8+ Rxc8 14. Nxe4
Nxe4 15. Bxe4 f6 16. Nf3 c5 17. Ke2 c4 18. Rc1 cxb3 19. axb3 Rxc1 20. Bb2 Rc8
21. d4 f5 22. Bd3 e4 23. Ng5 exd3+ 24. Kxd3 Bxb3 0-1

[Event "Challenge"]
[Site "http://www.queenalice.com/game.php?id=213122"]
[Date "2007.5.19"]
[Round "-"]
[White "queiroga"]
[Black "Erinaldo"]
[Result "0-1"]
[WhiteElo "1371"]
[BlackElo "1564"]

1. e4 e5 2. Nf3 Nc6 3. b3 Nf6 4. d3 h6 5. Bb2 d6 6. Bc3 Bd7 7. Nh4 Nxe4 8. dxe4
Qxh4 9. Qf3 Qg5 10. Bc4 Qc1+ 11. Qd1 Qxd1+ 12. Kxd1 Be7 13. Na3 a6 14. b4 b5 15.
Bd5 Rb8 16. f4 exf4 17. Bxg7 Rg8 18. Bxh6 Rxg2 19. Bxf4 Nxb4 20. h4 Bg4+ 21. Kc1
Nxd5 22. exd5 Bh5 23. c4 bxc4 24. Nxc4 Rg4 25. Rf1 Rb4 26. Ne3 Rgxf4 27. Rxf4
Rxf4 28. Kd2 Rxh4 29. Re1 Rh2+ 30. Kc1 Bg5 31. Kb1 Bg6+ 32. Nc2+ Kd7 33. Kb2
Rxc2+ 34. Kb3 Bd2 35. Re2 a5 0-1

[Event "Vamos a jogar"]
[Site "http://www.queenalice.com/game.php?id=216941"]
[Date "2007.5.27"]
[Round "2"]
[White "JRambo"]
[Black "queiroga"]
[Result "1-0"]
[WhiteElo "1566"]
[BlackElo "1380"]

1. Nf3 f6 2. e4 e5 3. a3 Nh6 4. d4 Ng4 5. h3 Nh6 6. d5 c6 7. c4 g5 8. Nc3 g4 9.
Nh4 gxh3 10. Qh5+ Ke7 11. Nf5+ Nxf5 12. Qxf5 d6 13. Qh5 b6 14. g4 Ba6 15. Bxh3
Bxc4 16. Qf5 Qd7 17. g5 Qxf5 18. Bxf5 fxg5 19. Bxg5+ Ke8 20. Bf6 Rg8 21. Rxh7
Rg1+ 22. Kd2 Rxa1 23. dxc6 Nxc6 24. Bd7# 1-0

[Event "Challenge"]
[Site "http://www.queenalice.com/game.php?id=217153"]
[Date "2007.5.27"]
[Round "-"]
[White "Macuei"]
[Black "queiroga"]
[Result "1-0"]
[WhiteElo "1843"]
[BlackElo "1370"]

1. e4 d5 2. e5 Nc6 3. d4 Bf5 4. Bb5 a6 5. Be2 Nb4 6. Na3 Nxc2+ 7. Nxc2 c6 8. Nf3
g6 9. O-O Bg7 10. Bd2 Qb6 11. Ne3 Qxb2 12. Nxf5 gxf5 13. Qb1 Qa3 14. Qxb7 Rd8
15. Qxc6+ Kf8 16. Rfb1 e6 17. Qc7 Qe7 18. Bb4 Qxb4 19. Qxd8# 1-0

[Event "Challenge"]
[Site "http://www.queenalice.com/game.php?id=217154"]
[Date "2007.5.27"]
[Round "-"]
[White "queiroga"]
[Black "Macuei"]
[Result "0-1"]
[WhiteElo "1368"]
[BlackElo "1861"]

1. e4 e5 2. Nf3 Nc6 3. Bc4 Bc5 4. b3 Nf6 5. Ng5 O-O 6. Bxf7+ Rxf7 7. Nxf7 Kxf7
8. O-O Kg8 9. Qf3 d5 10. exd5 Qxd5 11. Nc3 Qxf3 12. gxf3 Nd4 13. Ne4 Nxf3+ 14.
Kg2 Nh4+ 15. Kg3 Nxe4+ 16. Kxh4 Be7+ 17. Kh5 g6+ 18. Kh6 Bg5# 0-1

[Event "Challenge"]
[Site "http://www.queenalice.com/game.php?id=224694"]
[Date "2007.6.14"]
[Round "-"]
[White "queiroga"]
[Black "csegura"]
[Result "1-0"]
[WhiteElo "1371"]
[BlackElo "1468"]

1. e4 e5 2. b3 f6 3. Bc4 c6 4. Nf3 d5 5. Bd3 Bg4 6. h3 Bxf3 7. Qxf3 Bb4 8. Ba3
Ba5 9. O-O Qd7 10. Re1 b5 11. exd5 cxd5 12. c4 b4 13. Bb2 e4 14. Bxe4 g5 15.
Bxf6 dxe4 16. Qxe4+ Kf7 17. Bxh8 Nc6 18. Qxh7+ Kf8 19. Qxd7 Nge7 20. d4 Rd8 21.
Qe6 Rxd4 22. Bxd4 Nxd4 23. Qxe7+ Kg8 24. Qd7 Nc2 25. Re8# 1-0

[Event "Challenge"]
[Site "http://www.queenalice.com/game.php?id=247766"]
[Date "2007.7.29"]
[Round "-"]
[White "queiroga"]
[Black "csegura"]
[Result "0-1"]
[WhiteElo "1444"]
[BlackElo "1476"]

1. e4 e5 2. b3 f6 3. Bc4 Ne7 4. Ba3 c6 5. Nf3 d5 6. exd5 cxd5 7. Bxd5 Nxd5 8.
O-O Qb6 9. c4 Nf4 10. Bxf8 Rxf8 11. g3 Bh3 12. Re1 Nc6 13. gxf4 O-O-O 14. Na3
Rd3 15. Nb5 Rfd8 16. fxe5 h5 17. Nd6+ Kb8 18. Nf7 Re8 19. exf6 Re6 20. N7g5 Rxf6
21. Re8+ Nd8 22. Ne1 Qxf2+ 23. Kh1 Qf1# 0-1

[Event "Challenge"]
[Site "http://www.queenalice.com/game.php?id=247767"]
[Date "2007.7.29"]
[Round "-"]
[White "queiroga"]
[Black "gupi"]
[Result "1-0"]
[WhiteElo "1397"]
[BlackElo "1306"]

1. e4 e5 2. Nf3 Nc6 3. Bc4 Bc5 4. O-O Nf6 5. Ng5 O-O 6. Bxf7+ Rxf7 7. Nxf7 Kxf7
8. h3 Nxe4 9. Qf3+ Nf6 10. Qb3+ d5 11. Re1 Ne4 12. Kh1 Nxf2+ 13. Kh2 Bxh3 14.
Rf1 Na5 15. Qf3+ Qf6 16. Qxd5+ Qe6 17. Qxc5 Bg4 18. Rxf2+ Kg8 19. Qxa5 e4 20. b3
b6 21. Qg5 Qd6+ 22. Rf4 h5 23. Bb2 c5 24. Qxg7# 1-0

[Event "Challenge"]
[Site "http://www.queenalice.com/game.php?id=247768"]
[Date "2007.7.29"]
[Round "-"]
[White "queiroga"]
[Black "fromTheCoast"]
[Result "0-1"]
[WhiteElo "1391"]
[BlackElo "1379"]

1. e4 c5 2. b3 e5 3. Qh5 d6 4. Bc4 g6 5. Qf3 f5 6. exf5 Bxf5 7. Bb5+ Nc6 8.
Bxc6+ bxc6 9. Qxc6+ Bd7 10. Qd5 h5 11. h4 Ne7 12. Qe4 Bf5 13. Qe3 Bxc2 14. Nc3
Qa5 15. Qf3 Rc8 16. Qf6 Rh6 17. Qe6 Bf5 18. Qxd6 g5 19. Qxe5 gxh4 20. d3 Rh7 21.
Rxh4 Bg7 22. Qd6 Qxc3+ 23. Bd2 Qxa1+ 24. Ke2 Qxg1 25. Qh2 Qxh2 26. Rxh2 a5 0-1

[Event "Challenge"]
[Site "http://www.queenalice.com/game.php?id=252861"]
[Date "2007.8.8"]
[Round "-"]
[White "queiroga"]
[Black "fmlv"]
[Result "1-0"]
[WhiteElo "1375"]
[BlackElo "1534"]

1. e4 d6 2. Nf3 Qd7 3. e5 dxe5 4. Nxe5 Qd4 5. Qe2 Nc6 6. Qe3 Qxe5 7. g3 Bg4 8.
Bg2 f6 9. O-O Be2 10. Re1 Qb5 11. Rxe2 Nb4 12. Nc3 Qe5 13. Qf3 Qg5 14. Qxb7 Qg4
15. Qxa8+ Kf7 16. Re4 Qf5 17. Rxb4 Qxc2 18. Be4 Qxc3 19. dxc3 e5 20. Rb8 Ne7 21.
b3 f5 22. Bd3 e4 23. Bc4+ Kg6 24. Ba3 Nc6 25. Qxc6+ Kg5 26. Rxf8 Rxf8 27. Bxf8
f4 28. gxf4+ Kh4 29. Be6 1-0

[Event "Challenge"]
[Site "http://www.queenalice.com/game.php?id=257934"]
[Date "2007.8.19"]
[Round "-"]
[White "queiroga"]
[Black "fmlv"]
[Result "0-1"]
[WhiteElo "1397"]
[BlackElo "1399"]

1. e4 e6 2. Nf3 Bc5 3. b4 Bxb4 4. Bb2 Nf6 5. a3 Ba5 6. Bd3 Bb6 7. h3 d5 8. e5
Nh5 9. c4 Nf4 10. Be2 Nxg2+ 11. Kf1 Nf4 12. Qa4+ Bd7 13. Qd1 Nc6 14. cxd5 exd5
15. Rg1 Nxh3 16. Rxg7 Nxf2 17. Qc2 Ne4 18. Rg2 Bh3 19. Bb5 Bxg2+ 20. Kxg2 Rg8+
21. Kh3 Rg3+ 22. Kh2 Rxf3 23. Be2 Rf2+ 24. Kg1 Rxe2+ 25. Kf1 Ng3# 0-1

[Event "Challenge"]
[Site "http://www.queenalice.com/game.php?id=262257"]
[Date "2007.8.27"]
[Round "-"]
[White "queiroga"]
[Black "fmlv"]
[Result "0-1"]
[WhiteElo "1409"]
[BlackElo "1408"]

1. e4 e5 2. Nf3 Nc6 3. Bc4 d6 4. Ng5 Nh6 5. Nh3 Bg4 6. f3 Bh5 7. g4 Qh4+ 8. Nf2
Bg6 9. O-O Be7 10. d3 Bg5 11. Nc3 Bf4 12. Bxf4 exf4 13. Nd5 O-O 14. Nxf4 Ne7 15.
Nd5 f5 16. Nxc7+ d5 17. Nxa8 Rxa8 18. exd5 Bf7 19. d6 Ng6 20. d7 fxg4 21. fxg4
Rd8 22. Qe2 Rxd7 23. Qe4 Nf8 24. d4 Bxc4 25. Rfe1 Bd5 26. Qf4 Rf7 27. Qd2 Be6
28. d5 Bxg4 29. Re8 Bd7 30. Rd8 Ng4 31. Nxg4 Qxg4+ 32. Qg2 Qd4+ 33. Kh1 Rf2 34.
Rf1 Rf4 35. h3 Bb5 36. Re1 h6 37. Qe2 Bxe2 0-1

[Event "Challenge"]
[Site "http://www.queenalice.com/game.php?id=268195"]
[Date "2007.9.7"]
[Round "-"]
[White "jancarlos"]
[Black "queiroga"]
[Result "0-1"]
[WhiteElo "1339"]
[BlackElo "1421"]

1. e4 e5 2. Nf3 d6 3. Bc4 b6 4. d4 Bb7 5. Ng5 Nh6 6. dxe5 dxe5 7. Qxd8+ Kxd8 8.
Bxf7 Bxe4 9. Nxe4 Nxf7 10. Bg5+ Be7 11. Bxe7+ Kxe7 12. Nbc3 c6 13. O-O Rd8 0-1

[Event "Challenge"]
[Site "http://www.queenalice.com/game.php?id=290450"]
[Date "2007.10.21"]
[Round "-"]
[White "queiroga"]
[Black "fromTheCoast"]
[Result "0-1"]
[WhiteElo "1429"]
[BlackElo "1456"]

1. e4 e5 2. Nf3 f6 3. Nc3 g5 4. Bc4 c6 5. O-O b5 6. Bxg8 Rxg8 7. a4 a6 8. axb5
cxb5 9. Nd5 Bc5 10. b4 Bd4 11. Nxd4 exd4 12. Ra5 Nc6 13. Ra3 g4 14. c4 bxc4 15.
b5 Ne5 16. Nb6 Qxb6 17. f4 gxf3 18. Bb2 fxg2 19. Rf5 c3 20. dxc3 dxc3+ 21. Rf2
cxb2 22. Qb3 d5 23. Qxb2 dxe4 24. Rc3 axb5 25. Qd2 Nf3+ 26. Rxf3 exf3 27. Qd5
Bg4 28. Qxg8+ Ke7 29. Qxa8 h5 30. h3 f5 31. hxg4 fxg4 32. Qg8 Qe3 33. Qg7+ Kd6
34. Qg6+ Kc5 35. Qxh5+ Kb6 36. Qxg4 Qe1+ 37. Kh2 Qxf2 38. Qg3 Qf1 39. Qg6+ Ka5
40. Kg3 g1=Q+ 41. Kf4 Qxg6 42. Ke5 Qa1+ 43. Kf4 f2 44. Kf3 f1=Q+ 45. Ke3 Qac1+
46. Kd4 Qd6+ 47. Ke4 Qce1# 0-1